Аэродинамические испытания шахтных вентиляторных установок: справочное пособие

Podrobná bibliografie
Hlavní autor: Керстен И. О. Игорь Оскарович
Jazyk:ruština
Vydáno: Москва, Недра, 1986
Témata:
Médium: MixedMaterials Kniha
KOHA link:https://koha.lib.tpu.ru/cgi-bin/koha/opac-detail.pl?biblionumber=102617

MARC

LEADER 00000nam0a2200000 4500
001 102617
005 20231031113049.0
020 |a RU  |b 86-101618 
035 |a (RuTPU)RU\TPU\book\110642 
090 |a 102617 
100 |a 20061002d1986 km y0rusy5003 ca 
101 0 |a rus 
102 |a RU 
105 |a a g 001zy 
200 1 |a Аэродинамические испытания шахтных вентиляторных установок  |e справочное пособие  |f И. О. Керстен 
210 |a Москва  |c Недра  |d 1986 
215 |a 194,[2] с.  |c ил.  |d 22 см 
320 |a Библиогр.: с. 194-195 (51 назв.). 
610 1 |a горные предприятия 
610 1 |a шахты 
610 1 |a рудничные вентиляционные установки 
610 1 |a вентиляторные установки 
610 1 |a аэродинамические испытания 
610 1 |a справочники 
675 |a 621.45(035)  |z rus  |v 3 
700 1 |a Керстен  |b И. О.  |g Игорь Оскарович  |4 070 
801 0 |a RU  |b RuMRKP  |c 19950417  |g psbo 
801 1 |a RU  |b 63413507  |c 20061002  |g PSBO 
801 2 |a RU  |b 63413507  |c 20061013  |g PSBO 
942 |c BK